000 00977cab a2200265 4500
001 ABS50563
008 090401t1994 xxu||||| |||| 00| 0 eng d
035 _a(Sirsi) u76483
041 _aeng
100 _aBartlett, A.
245 4 _aThe preparation of experts` reports
260 _c1994
350 _a0
490 _aArbitration
_v60(2) May 1994, 94-97(4)
520 _aQuotes from caselaw the principal guidelines to observe when preparing expert witness reports, providing a checklist of points on form, tone, scope and content.
650 _aACKNOWLEDGEMENT
650 _aMANAGEMENT-DISPUTE AVOIDANCE, MANAGEMENT AND RESOLUTION-DISPUTE MANAGEMENT AND RESOLUTION-ADVOCACY
650 _aDISPUTE RESOLUTION
_96236
650 _aEXPERT WITNESS
_96239
650 _aEXPERTISE
650 _aEXPERTS REPORTS
690 _aMANAGEMENT-DISPUTE AVOIDANCE, MANAGEMENT AND RESOLUTION-DISPUTE MANAGEMENT AND RESOLUTION-ARBITRATION
942 _n0
948 _c04/03/1997
999 _c48100
_d48100